Top Scorers in the Premier League (2014/15) Quiz Stats

 Plays Quiz not verified by Sporcle

Challenge
Share
Tweet
Embed
Score 0/12 Timer 05:00
0 Plays Today
Team Goal Scorers % Correct
Tottenham HotspurHarry Kane
96.7%
ChelseaDiego Costa
91.7%
Manchester CitySergio Aguero
88.3%
Manchester UnitedWayne Rooney
88.3%
ArsenalOlivier Giroud
80%
ArsenalAlexis Sanchez
78.3%
ChelseaEden Hazard
78.3%
QPRCharlie Austin
73.3%
Manchester CityDavid Silva
73.3%
Aston VillaChristian Benteke
68.3%
SouthamptonGraziano Pelle
68.3%
West BromSaido Berahino
58.3%

You're not logged in!

Compare scores with friends on all Sporcle quizzes.
Join for Free
OR
Log In

Show Comments

Extras

Top Quizzes Today


Score Distribution

Your Account Isn't Verified!

In order to create a playlist on Sporcle, you need to verify the email address you used during registration. Go to your Sporcle Settings to finish the process.

Report this User

Report this user for behavior that violates our Community Guidelines.

Details: